<?xml version="1.0" encoding="UTF-8"?>
<collection xmlns="http://www.loc.gov/MARC21/slim">
 <record>
  <leader>02408nam a22003377a 4500</leader>
  <controlfield tag="001">AAL8376</controlfield>
  <controlfield tag="003">BD-DhAAL</controlfield>
  <controlfield tag="005">20210215125454.0</controlfield>
  <controlfield tag="008">160225m20152014bg a|||| b||| 00| 0 ben d</controlfield>
  <datafield tag="999" ind1=" " ind2=" ">
   <subfield code="c">36931</subfield>
   <subfield code="d">36931</subfield>
  </datafield>
  <datafield tag="020" ind1=" " ind2=" ">
   <subfield code="a">9789849074755</subfield>
  </datafield>
  <datafield tag="040" ind1=" " ind2=" ">
   <subfield code="a">BD-DhAAL</subfield>
   <subfield code="c">BD-DhAAL</subfield>
  </datafield>
  <datafield tag="082" ind1=" " ind2=" ">
   <subfield code="2">22</subfield>
   <subfield code="a">954.9205</subfield>
  </datafield>
  <datafield tag="100" ind1=" " ind2=" ">
   <subfield code="a">আহমদ, মহিউদ্দিন </subfield>
   <subfield code="9">18182</subfield>
  </datafield>
  <datafield tag="245" ind1=" " ind2=" ">
   <subfield code="a">জাসদের উত্থান পতন :</subfield>
   <subfield code="b">অস্থির সময়ের রাজনীতি /</subfield>
   <subfield code="c">মহিউদ্দিন আহমদ</subfield>
  </datafield>
  <datafield tag="260" ind1=" " ind2=" ">
   <subfield code="a">ঢাকা :</subfield>
   <subfield code="b">প্রথমা প্রকাশন, </subfield>
   <subfield code="c">২০১৫, এয়োদশ মুদ্রণ ২০২০</subfield>
  </datafield>
  <datafield tag="300" ind1=" " ind2=" ">
   <subfield code="a">২৮৭ পৃষ্ঠা :</subfield>
   <subfield code="b">চিত্র ;</subfield>
   <subfield code="c">২২ সে.মি.</subfield>
  </datafield>
  <datafield tag="504" ind1=" " ind2=" ">
   <subfield code="6">Includes bibliographies </subfield>
  </datafield>
  <datafield tag="526" ind1=" " ind2=" ">
   <subfield code="a">Saver campus</subfield>
  </datafield>
  <datafield tag="541" ind1=" " ind2=" ">
   <subfield code="a">Karim International</subfield>
   <subfield code="e">8376, 37452, 37453</subfield>
  </datafield>
  <datafield tag="650" ind1=" " ind2=" ">
   <subfield code="a">Political participation </subfield>
   <subfield code="z">Bangladesh.</subfield>
   <subfield code="9">18183</subfield>
  </datafield>
  <datafield tag="651" ind1=" " ind2=" ">
   <subfield code="a">Bangladesh </subfield>
   <subfield code="x">Politics and government.</subfield>
   <subfield code="9">18184</subfield>
  </datafield>
  <datafield tag="852" ind1=" " ind2=" ">
   <subfield code="a">Savar Campus Library</subfield>
   <subfield code="c">General Shelf</subfield>
  </datafield>
  <datafield tag="942" ind1=" " ind2=" ">
   <subfield code="2">ddc</subfield>
   <subfield code="c">BK</subfield>
  </datafield>
  <datafield tag="952" ind1=" " ind2=" ">
   <subfield code="0">0</subfield>
   <subfield code="1">0</subfield>
   <subfield code="2">ddc</subfield>
   <subfield code="4">0</subfield>
   <subfield code="6">954_900000000000000_205_AHM</subfield>
   <subfield code="7">0</subfield>
   <subfield code="9">58162</subfield>
   <subfield code="a">SCL</subfield>
   <subfield code="b">SCL</subfield>
   <subfield code="c">GEN</subfield>
   <subfield code="d">2016-02-25</subfield>
   <subfield code="g">467.00</subfield>
   <subfield code="l">3</subfield>
   <subfield code="m">7</subfield>
   <subfield code="o">954.9205 AHM</subfield>
   <subfield code="p">3020008376</subfield>
   <subfield code="r">2022-06-14</subfield>
   <subfield code="s">2022-06-01</subfield>
   <subfield code="t">1</subfield>
   <subfield code="w">2016-02-25</subfield>
   <subfield code="y">BK</subfield>
  </datafield>
  <datafield tag="952" ind1=" " ind2=" ">
   <subfield code="0">0</subfield>
   <subfield code="1">0</subfield>
   <subfield code="2">ddc</subfield>
   <subfield code="4">0</subfield>
   <subfield code="6">954_900000000000000_205_AHM</subfield>
   <subfield code="7">0</subfield>
   <subfield code="9">58163</subfield>
   <subfield code="a">SCL</subfield>
   <subfield code="b">SCL</subfield>
   <subfield code="c">GEN</subfield>
   <subfield code="d">2016-02-25</subfield>
   <subfield code="g">467.00</subfield>
   <subfield code="l">0</subfield>
   <subfield code="o">954.9205 AHM</subfield>
   <subfield code="p">3020008377</subfield>
   <subfield code="r">2016-02-25</subfield>
   <subfield code="t">2</subfield>
   <subfield code="w">2016-02-25</subfield>
   <subfield code="y">BK</subfield>
  </datafield>
  <datafield tag="952" ind1=" " ind2=" ">
   <subfield code="0">0</subfield>
   <subfield code="1">0</subfield>
   <subfield code="2">ddc</subfield>
   <subfield code="4">0</subfield>
   <subfield code="6">954_900000000000000_205_AHM</subfield>
   <subfield code="7">0</subfield>
   <subfield code="9">58164</subfield>
   <subfield code="a">SCL</subfield>
   <subfield code="b">SCL</subfield>
   <subfield code="c">GEN</subfield>
   <subfield code="d">2016-02-25</subfield>
   <subfield code="g">467.00</subfield>
   <subfield code="l">2</subfield>
   <subfield code="m">1</subfield>
   <subfield code="o">954.9205 AHM</subfield>
   <subfield code="p">3020008378</subfield>
   <subfield code="r">2022-07-21</subfield>
   <subfield code="s">2020-03-05</subfield>
   <subfield code="t">3</subfield>
   <subfield code="w">2016-02-25</subfield>
   <subfield code="y">BK</subfield>
  </datafield>
  <datafield tag="952" ind1=" " ind2=" ">
   <subfield code="0">0</subfield>
   <subfield code="1">0</subfield>
   <subfield code="2">ddc</subfield>
   <subfield code="4">0</subfield>
   <subfield code="6">954_900000000000000_205_AHM</subfield>
   <subfield code="7">0</subfield>
   <subfield code="9">58165</subfield>
   <subfield code="a">SCL</subfield>
   <subfield code="b">SCL</subfield>
   <subfield code="c">GEN</subfield>
   <subfield code="d">2016-02-25</subfield>
   <subfield code="g">467.00</subfield>
   <subfield code="l">1</subfield>
   <subfield code="m">1</subfield>
   <subfield code="o">954.9205 AHM</subfield>
   <subfield code="p">3020008379</subfield>
   <subfield code="r">2018-10-29</subfield>
   <subfield code="s">2018-10-15</subfield>
   <subfield code="t">4</subfield>
   <subfield code="w">2016-02-25</subfield>
   <subfield code="y">BK</subfield>
  </datafield>
  <datafield tag="952" ind1=" " ind2=" ">
   <subfield code="0">0</subfield>
   <subfield code="1">0</subfield>
   <subfield code="2">ddc</subfield>
   <subfield code="4">0</subfield>
   <subfield code="6">954_900000000000000_205_AHM</subfield>
   <subfield code="7">0</subfield>
   <subfield code="9">59630</subfield>
   <subfield code="a">SCL</subfield>
   <subfield code="b">SCL</subfield>
   <subfield code="c">GEN</subfield>
   <subfield code="d">2016-09-28</subfield>
   <subfield code="g">467.00</subfield>
   <subfield code="l">3</subfield>
   <subfield code="m">5</subfield>
   <subfield code="o">954.9205 AHM</subfield>
   <subfield code="p">3020008375</subfield>
   <subfield code="r">2018-12-07</subfield>
   <subfield code="s">2018-12-05</subfield>
   <subfield code="t">5</subfield>
   <subfield code="w">2016-09-28</subfield>
   <subfield code="y">BK</subfield>
  </datafield>
  <datafield tag="952" ind1=" " ind2=" ">
   <subfield code="0">0</subfield>
   <subfield code="1">0</subfield>
   <subfield code="2">ddc</subfield>
   <subfield code="4">0</subfield>
   <subfield code="6">954_920500000000000_AHM</subfield>
   <subfield code="7">0</subfield>
   <subfield code="9">69252</subfield>
   <subfield code="a">SCL</subfield>
   <subfield code="b">SCL</subfield>
   <subfield code="c">GEN</subfield>
   <subfield code="d">2021-01-31</subfield>
   <subfield code="e">Karim International</subfield>
   <subfield code="g">530.00</subfield>
   <subfield code="l">3</subfield>
   <subfield code="o">954.9205 AHM</subfield>
   <subfield code="p">3020037452</subfield>
   <subfield code="r">2024-03-15</subfield>
   <subfield code="s">2024-03-13</subfield>
   <subfield code="t">6</subfield>
   <subfield code="v">530.00</subfield>
   <subfield code="w">2021-01-31</subfield>
   <subfield code="y">BK</subfield>
   <subfield code="x">Received during COVID-19 pandemic</subfield>
  </datafield>
  <datafield tag="952" ind1=" " ind2=" ">
   <subfield code="0">0</subfield>
   <subfield code="1">0</subfield>
   <subfield code="2">ddc</subfield>
   <subfield code="4">0</subfield>
   <subfield code="6">954_920500000000000_AHM</subfield>
   <subfield code="7">0</subfield>
   <subfield code="9">69253</subfield>
   <subfield code="a">SCL</subfield>
   <subfield code="b">SCL</subfield>
   <subfield code="c">GEN</subfield>
   <subfield code="d">2021-01-31</subfield>
   <subfield code="e">Karim International</subfield>
   <subfield code="g">530.00</subfield>
   <subfield code="l">1</subfield>
   <subfield code="o">954.9205 AHM</subfield>
   <subfield code="p">3020037453</subfield>
   <subfield code="r">2025-06-27</subfield>
   <subfield code="s">2025-06-24</subfield>
   <subfield code="t">7</subfield>
   <subfield code="v">530.00</subfield>
   <subfield code="w">2021-01-31</subfield>
   <subfield code="y">BK</subfield>
   <subfield code="x">Received during COVID-19 pandemic</subfield>
  </datafield>
 </record>
</collection>
